header

Structures (Record no. 147493)

MARC details
000 -LEADER
fixed length control field 01603nam a2200385Ia 4500
245 00 - TITLE STATEMENT
Title Structures
260 ## - PUBLICATION, DISTRIBUTION, ETC. (IMPRINT)
Place of publication Amsterdam, Netherlands :
Name of publisher IOS Press,
Year of publication c2007.
300 ## - PHYSICAL DESCRIPTION
Number of Pages x, 248 p. :
Other physical details ill.
490 1# - SERIES STATEMENT
Series statement Research in architectural engineering series ;
Series statement Cost C16, improving the quality of existing urban building envelopes
650 #0 - SUBJECT ADDED ENTRY--TOPICAL TERM
Topical Term Architecture, Domestic
Topical Term Architecture, Domestic
Topical Term Buildings
700 1# - ADDED ENTRY--PERSONAL NAME
Personal name Di Giulio, Roberto.
Personal name Bozinovski, Zivko.
Personal name Verhoef, L. G. W.
856 40 - ELECTRONIC LOCATION AND ACCESS
Uniform Resource Identifier http://site.ebrary.com/lib/rucke/Doc?id=10186847

No items available.

© 2026 Rongo University
Contact us: librarian | system librarian | Rongo university